Real estate and economics
| Main Author: | |
|---|---|
| Format: | Book |
| Published: |
Virginia :
Reston Publishing ,
c1975
|
| Subjects: |
MARC
| LEADER | 00000cam a2200000 7i4500 | ||
|---|---|---|---|
| 001 | 0000002390 | ||
| 005 | 20240229.0 | ||
| 020 | |a 0879097159 | ||
| 040 | |a INS | ||
| 090 | 0 | 0 | |a HD1375. |b S357 1975 |
| 100 | 1 | |a Shafer, Thomas W | |
| 245 | 1 | 0 | |a Real estate and economics |c Thomas W. Shafer |
| 260 | |a Virginia : |b Reston Publishing , |c c1975 | ||
| 300 | |a ix, 258p. ; |c 24 cm. | ||
| 650 | 0 | 0 | |a Economics |
| 650 | 0 | 0 | |a Real property |x economic aspect |
| 999 | |a 0000000745 |b BOOK |c Open Shelf |e Default branch | ||